| 000 | 00386nam a22001097a 4500 | ||
|---|---|---|---|
| 005 | 20260629143307.0 | ||
| 100 |
_aMushraf Ali _a21-MSM-10 _aSupervisor - Dr. Kamran Nazir Memon _91050 |
||
| 245 | _aThe Influence of Slip Condition on Tank Drainage for Third Order Fluid by Using Adomian Decomposition Method (Thesis MS) | ||
| 260 |
_aNawabshah _bQUEST _c2024 |
||
| 300 | _a85p. | ||
| 942 | _cTHESIS | ||
| 999 |
_c69103 _d69100 |
||